Elenco comuni italiani -Lettera V - Statistics

Statistiche generali
  • Questo quiz è stato fatto 35 volte
  • Il punteggio medio è 44 su 483
Statistiche sulle risposte
Comune Provincia Regione Abitanti % Corretto
Vo' Padova Veneto 3258
87%
Varese (capoluogo di provincia) Lombardia 79350
83%
Venezia (capoluogo di provincia) Veneto 256083
83%
Verbania (capoluogo di provincia) Piemonte 29954
83%
Vercelli (capoluogo di provincia) Piemonte 45425
83%
Verona (capoluogo di provincia) Veneto 258031
83%
Vibo Valentia (capoluogo di provincia) Calabria 31753
83%
Vicenza (capoluogo di provincia) Veneto 111113
83%
Viterbo (capoluogo di provincia) Lazio 66113
74%
Vigevano Pavia Lombardia 62340
65%
Voghera Pavia Lombardia 38435
61%
Valenza Alessandria Piemonte 18149
57%
Vasto Chieti Abruzzo 40553
57%
Velletri Roma Lazio 52312
57%
Vieste Foggia Puglia 13461
57%
Viareggio Lucca Toscana 61251
52%
Vimercate Monza e della Brianza Lombardia 25941
52%
Ventimiglia Imperia Liguria 23131
48%
Vipiteno Bolzano Trentino-Alto Adige 6959
48%
Vado Ligure Savona Liguria 8180
43%
Vittoria Ragusa Sicilia 62051
43%
Varazze Savona Liguria 12697
39%
Vico Equense Napoli Campania 20322
39%
Villafranca di Verona Verona Veneto 33265
39%
Vittorio Veneto Treviso Veneto 27479
39%
Valenzano Bari Puglia 17460
35%
Venaria Reale Torino Piemonte 32682
35%
Vernazza Spezia Liguria 766
35%
Valdastico Vicenza Veneto 1218
30%
Ventotene Latina Lazio 736
30%
Veroli Frosinone Lazio 19868
30%
Viggiù Varese Lombardia 5079
30%
Villasimius Cagliari Sardegna 3688
30%
Vinci Firenze Toscana 14744
30%
Vinovo Torino Piemonte 15070
30%
Volterra Pisa Toscana 9830
30%
Vaglia Firenze Toscana 5187
26%
Valdagno Vicenza Veneto 25706
26%
Valeggio Pavia Lombardia 199
26%
Venafro Isernia Molise 11048
26%
Verano Bolzano Trentino-Alto Adige 982
26%
Vetralla Viterbo Lazio 13446
26%
Vignola Modena Emilia-Romagna 25726
26%
Vigonovo Venezia Veneto 9936
26%
Villa San Giovanni Reggio Calabria Calabria 12931
26%
Vimodrone Milano Lombardia 16816
26%
Vizzini Catania Sicilia 5772
26%
Vallerano Viterbo Lazio 2445
22%
Valmontone Roma Lazio 15662
22%
Vaprio d'Adda Milano Lombardia 9349
22%
Verolanuova Brescia Lombardia 8048
22%
Vestone Brescia Lombardia 4216
22%
Vicovaro Roma Lazio 3676
22%
Vietri sul Mare Salerno Campania 7306
22%
Vignate Milano Lombardia 9301
22%
Vigolo Bergamo Lombardia 576
22%
Vigonza Padova Veneto 23080
22%
Villabassa Bolzano Trentino-Alto Adige 1587
22%
Villasanta Monza e della Brianza Lombardia 13946
22%
Vione Brescia Lombardia 634
22%
Visano Brescia Lombardia 2000
22%
Vobarno Brescia Lombardia 8199
22%
Volla Napoli Campania 24905
22%
Vaiano Prato Toscana 9975
17%
Valdaone Trento Trentino-Alto Adige 1141
17%
Valentano Viterbo Lazio 2722
17%
Valfurva Sondrio Lombardia 2525
17%
Vallo della Lucania Salerno Campania 8089
17%
Valsamoggia Bologna Emilia-Romagna 31503
17%
Valsavarenche Aosta Valle d'Aosta 168
17%
Varedo Monza e della Brianza Lombardia 13611
17%
Ventimiglia di Sicilia Palermo Sicilia 1825
17%
Vergiate Varese Lombardia 8641
17%
Vermiglio Trento Trentino-Alto Adige 1846
17%
Verolavecchia Brescia Lombardia 3754
17%
Vezza d'Oglio Brescia Lombardia 1465
17%
Viadana Mantova Lombardia 19822
17%
Vicari Palermo Sicilia 2484
17%
Viganò Lecco Lombardia 2096
17%
Vignanello Viterbo Lazio 4325
17%
Vigo di Cadore Belluno Veneto 1363
17%
Villafranca d'Asti Asti Piemonte 2955
17%
Villar Perosa Torino Piemonte 3888
17%
Vadena Bolzano Trentino-Alto Adige 1120
13%
Vailate Cremona Lombardia 4504
13%
Valbrembo Bergamo Lombardia 4338
13%
Valderice Trapani Sicilia 11587
13%
Valdidentro Sondrio Lombardia 4153
13%
Val di Vizze Bolzano Trentino-Alto Adige 3069
13%
Val di Zoldo Belluno Veneto 2842
13%
Valdobbiadene Treviso Veneto 10140
13%
Valeggio sul Mincio Verona Veneto 15759
13%
Valgrisenche Aosta Valle d'Aosta 192
13%
Val Liona Vicenza Veneto 3043
13%
Vallio Terme Brescia Lombardia 1407
13%
Valtournenche Aosta Valle d'Aosta 2273
13%
Vanzago Milano Lombardia 9318
13%
Varese Ligure Spezia Liguria 1834
13%
Varzi Pavia Lombardia 3024
13%
Vedano al Lambro Monza e della Brianza Lombardia 7490
13%
Vedelago Treviso Veneto 16491
13%
Veglie Lecce Puglia 13458
13%
Venosa Potenza Basilicata 11093
13%
Vico del Gargano Foggia Puglia 7350
13%
Viggiano Potenza Basilicata 3269
13%
Vignole Borbera Alessandria Piemonte 2023
13%
Villabate Palermo Sicilia 19568
13%
Villa Carcina Brescia Lombardia 10594
13%
Villachiara Brescia Lombardia 1360
13%
Villacidro Medio Campidano Sardegna 13412
13%
Villa d'Almè Bergamo Lombardia 6587
13%
Villafranca Padovana Padova Veneto 10491
13%
Villa Lagarina Trento Trentino-Alto Adige 3825
13%
Villamar Medio Campidano Sardegna 2499
13%
Villandro Bolzano Trentino-Alto Adige 1887
13%
Villanuova sul Clisi Brescia Lombardia 5784
13%
Vita Trapani Sicilia 1819
13%
Vitorchiano Viterbo Lazio 5234
13%
Vitulazio Caserta Campania 7568
13%
Vobbia Genova Liguria 370
13%
Volano Trento Trentino-Alto Adige 3020
13%
Volpedo Alessandria Piemonte 1170
13%
Volpiano Torino Piemonte 15167
13%
Vaglio Basilicata Potenza Basilicata 1903
9%
Vaglio Serra Asti Piemonte 283
9%
Vajont Pordenone Friuli-Venezia Giulia 1684
9%
Valchiusa Torino Piemonte 987
9%
Valdisotto Sondrio Lombardia 3607
9%
Valfabbrica Perugia Umbria 3253
9%
Valle Aurina Bolzano Trentino-Alto Adige 5971
9%
Vallecorsa Frosinone Lazio 2454
9%
Valli del Pasubio Vicenza Veneto 3051
9%
Valmadrera Lecco Lombardia 11210
9%
Valtorta Bergamo Lombardia 251
9%
Valverde Catania Sicilia 7775
9%
Valvestino Brescia Lombardia 171
9%
Vanzaghello Milano Lombardia 5243
9%
Varenna Lecco Lombardia 741
9%
Vedano Olona Varese Lombardia 7328
9%
Veduggio con Colzano Monza e della Brianza Lombardia 4250
9%
Veggiano Padova Veneto 4753
9%
Velo d'Astico Vicenza Veneto 2242
9%
Velo Veronese Verona Veneto 759
9%
Verderio Lecco Lombardia 5520
9%
Verduno Cuneo Piemonte 544
9%
Vernante Cuneo Piemonte 1124
9%
Veronella Verona Veneto 5150
9%
Verrès Aosta Valle d'Aosta 2590
9%
Verrone Biella Piemonte 1222
9%
Vertova Bergamo Lombardia 4467
9%
Vescovato Cremona Lombardia 3753
9%
Vestenanova Verona Veneto 2536
9%
Viagrande Catania Sicilia 8715
9%
Vicchio Firenze Toscana 8056
9%
Vigasio Verona Veneto 10249
9%
Villa d'Adda Bergamo Lombardia 4537
9%
Villa di Serio Bergamo Lombardia 6672
9%
Villadose Rovigo Veneto 4867
9%
Villa Estense Padova Veneto 2135
9%
Villafranca in Lunigiana Massa-Carrara Toscana 4592
9%
Villafranca Piemonte Torino Piemonte 4489
9%
Villafranca Sicula Agrigento Sicilia 1358
9%
Villa Literno Caserta Campania 11989
9%
Villanova Mondovì Cuneo Piemonte 5715
9%
Villaricca Napoli Campania 30710
9%
Villar Pellice Torino Piemonte 1045
9%
Villa Santa Maria Chieti Abruzzo 1147
9%
Villaverla Vicenza Veneto 6114
9%
Villongo Bergamo Lombardia 8103
9%
Visciano Napoli Campania 4226
9%
Visso Macerata Marche 1005
9%
Vittuone Milano Lombardia 9244
9%
Viù Torino Piemonte 1021
9%
Vizzolo Predabissi Milano Lombardia 3898
9%
Volongo Cremona Lombardia 463
9%
Volta Mantovana Mantova Lombardia 7171
9%
Volturara Appula Foggia Puglia 389
9%
Vaccarizzo Albanese Cosenza Calabria 1047
4%
Vacone Rieti Lazio 226
4%
Vacri Chieti Abruzzo 1550
4%
Vagli Sotto Lucca Toscana 865
4%
Vaiano Cremasco Cremona Lombardia 3590
4%
Vaie Torino Piemonte 1398
4%
Vairano Patenora Caserta Campania 6365
4%
Valbondione Bergamo Lombardia 988
4%
Val Brembilla Bergamo Lombardia 4190
4%
Valbrenta Vicenza Veneto 4914
4%
Valbrevenna Genova Liguria 759
4%
Valbrona Como Lombardia 2606
4%
Valdaora Bolzano Trentino-Alto Adige 3192
4%
Val della Torre Torino Piemonte 3965
4%
Valdengo Biella Piemonte 2385
4%
Val di Chy Torino Piemonte 1236
4%
Valdieri Cuneo Piemonte 917
4%
Val di Nizza Pavia Lombardia 588
4%
Valfloriana Trento Trentino-Alto Adige 458
4%
Valguarnera Caropepe Enna Sicilia 7163
4%
Vallada Agordina Belluno Veneto 473
4%
Vallarsa Trento Trentino-Alto Adige 1364
4%
Vallata Avellino Campania 2570
4%
Valle Agricola Caserta Campania 784
4%
Vallecrosia Imperia Liguria 6700
4%
Valle dell'Angelo Salerno Campania 224
4%
Valle di Cadore Belluno Veneto 1847
4%
Valle di Maddaloni Caserta Campania 2631
4%
Vallefoglia Pesaro e Urbino Marche 14908
4%
Vallelaghi Trento Trentino-Alto Adige 5159
4%
Vallepietra Roma Lazio 251
4%
Vallesaccarda Avellino Campania 1246
4%
Valleve Bergamo Lombardia 134
4%
Val Masino Sondrio Lombardia 865
4%
Val Rezzo Como Lombardia 164
4%
Valsinni Matera Basilicata 1384
4%
Valtopina Perugia Umbria 1296
4%
Valva Salerno Campania 1535
4%
Varallo Vercelli Piemonte 6931
4%
Varano de' Melegari Parma Emilia-Romagna 2617
4%
Varna Bolzano Trentino-Alto Adige 4870
4%
Vastogirardi Isernia Molise 642
4%
Vazzola Treviso Veneto 6858
4%
Venarotta Ascoli Piceno Marche 1929
4%
Venaus Torino Piemonte 877
4%
Venegono Inferiore Varese Lombardia 5980
4%
Venegono Superiore Varese Lombardia 7289
4%
Venticano Avellino Campania 2336
4%
Verano Brianza Monza e della Brianza Lombardia 9164
4%
Vercurago Lecco Lombardia 2766
4%
Verdellino Bergamo Lombardia 7475
4%
Vergato Bologna Emilia-Romagna 7608
4%
Verghereto Forlì-Cesena Emilia-Romagna 1750
4%
Vermezzo con Zelo Milano Lombardia 5796
4%
Vernasca Piacenza Emilia-Romagna 2017
4%
Vernate Milano Lombardia 3304
4%
Vernole Lecce Puglia 6784
4%
Verucchio Rimini Emilia-Romagna 10047
4%
Vetto Reggio Emilia Emilia-Romagna 1801
4%
Vezza d'Alba Cuneo Piemonte 2338
4%
Viadanica Bergamo Lombardia 1118
4%
Viale Asti Piemonte 245
4%
Vibonati Salerno Campania 3182
4%
Vicalvi Frosinone Lazio 743
4%
Vicoforte Cuneo Piemonte 3166
4%
Vicolungo Novara Piemonte 868
4%
Vico nel Lazio Frosinone Lazio 2110
4%
Vicopisano Pisa Toscana 8541
4%
Vidor Treviso Veneto 3672
4%
Vietri di Potenza Potenza Basilicata 2694
4%
Viggianello Potenza Basilicata 2790
4%
Vignola-Falesina Trento Trentino-Alto Adige 180
4%
Vignolo Cuneo Piemonte 2614
4%
Vignone Verbano-Cusio-Ossola Piemonte 1209
4%
Vigodarzere Padova Veneto 13035
4%
Vigone Torino Piemonte 5070
4%
Villa Bartolomea Verona Veneto 5759
4%
Villa Castelli Brindisi Puglia 9059
4%
Villa Cortese Milano Lombardia 6133
4%
Villa del Bosco Biella Piemonte 334
4%
Villa del Conte Padova Veneto 5564
4%
Villa di Briano Caserta Campania 7217
4%
Villa di Tirano Sondrio Lombardia 2925
4%
Villafranca Tirrena Messina Sicilia 8196
4%
Villafrati Palermo Sicilia 3142
4%
Villaga Vicenza Veneto 1911
4%
Villalba Caltanissetta Sicilia 1480
4%
Villalfonsina Chieti Abruzzo 908
4%
Villamaina Avellino Campania 924
4%
Villamarzana Rovigo Veneto 1153
4%
Villanova d'Albenga Savona Liguria 2761
4%
Villanova d'Asti Asti Piemonte 5581
4%
Villanova del Battista Avellino Campania 1496
4%
Villanova del Ghebbo Rovigo Veneto 1991
4%
Villanova Monferrato Alessandria Piemonte 1752
4%
Villapiana Cosenza Calabria 5419
4%
Villarbasse Torino Piemonte 3467
4%
Villar Dora Torino Piemonte 2785
4%
Villarosa Enna Sicilia 4496
4%
Villa San Giovanni in Tuscia Viterbo Lazio 1213
4%
Villa Santa Lucia Frosinone Lazio 2547
4%
Villa Sant'Angelo L'Aquila Abruzzo 474
4%
Ville d'Anaunia Trento Trentino-Alto Adige 4736
4%
Ville di Fiemme Trento Trentino-Alto Adige 2631
4%
Villetta Barrea L'Aquila Abruzzo 601
4%
Villette Verbano-Cusio-Ossola Piemonte 273
4%
Villorba Treviso Veneto 17768
4%
Vinchio Asti Piemonte 555
4%
Vinzaglio Novara Piemonte 538
4%
Viola Cuneo Piemonte 359
4%
Visone Alessandria Piemonte 1141
4%
Viticuso Frosinone Lazio 303
4%
Vitulano Benevento Campania 2779
4%
Vivaro Pordenone Friuli-Venezia Giulia 1304
4%
Voghiera Ferrara Emilia-Romagna 3646
4%
Volpago del Montello Treviso Veneto 10083
4%
Volpara Pavia Lombardia 125
4%
Voltaggio Alessandria Piemonte 671
4%
Voltago Agordino Belluno Veneto 830
4%
Volturara Irpina Avellino Campania 3062
4%
Volturino Foggia Puglia 1572
4%
Valdilana Biella Piemonte 10342
0%
Valdina Messina Sicilia 1276
0%
Valduggia Vercelli Piemonte 1882
0%
Valera Fratta Lodi Lombardia 1735
0%
Valfenera Asti Piemonte 2365
0%
Valfornace Macerata Marche 919
0%
Valganna Varese Lombardia 1587
0%
Valgioie Torino Piemonte 947
0%
Valgoglio Bergamo Lombardia 586
0%
Valgrana Cuneo Piemonte 792
0%
Valgreghentino Lecco Lombardia 3406
0%
Vallanzengo Biella Piemonte 206
0%
Vallebona Imperia Liguria 1259
0%
Valle Cannobina Verbano-Cusio-Ossola Piemonte 477
0%
Valle Castellana Teramo Abruzzo 878
0%
Valle di Casies Bolzano Trentino-Alto Adige 2323
0%
Valledolmo Palermo Sicilia 3287
0%
Valledoria Sassari Sardegna 4216
0%
Vallefiorita Catanzaro Calabria 1527
0%
Valle Lomellina Pavia Lombardia 2095
0%
Vallelonga Vibo Valentia Calabria 749
0%
Vallelunga Pratameno Caltanissetta Sicilia 3198
0%
Vallemaio Frosinone Lazio 902
0%
Vallermosa Cagliari Sardegna 1830
0%
Vallerotonda Frosinone Lazio 1405
0%
Valle Salimbene Pavia Lombardia 1470
0%
Valle San Nicolao Biella Piemonte 906
0%
Vallinfreda Roma Lazio 290
0%
Vallo di Nera Perugia Umbria 350
0%
Valloriate Cuneo Piemonte 99
0%
Vallo Torinese Torino Piemonte 788
0%
Valmacca Alessandria Piemonte 959
0%
Valmorea Como Lombardia 2629
0%
Valmozzola Parma Emilia-Romagna 513
0%
Valnegra Bergamo Lombardia 207
0%
Valpelline Aosta Valle d'Aosta 594
0%
Valperga Torino Piemonte 2991
0%
Valprato Soana Torino Piemonte 93
0%
Valsolda Como Lombardia 1453
0%
Valstrona Verbano-Cusio-Ossola Piemonte 1190
0%
Valvarrone Lecco Lombardia 500
0%
Valvasone Arzene Pordenone Friuli-Venezia Giulia 3890
0%
Vandoies Bolzano Trentino-Alto Adige 3309
0%
Vanzone con San Carlo Verbano-Cusio-Ossola Piemonte 384
0%
Vaprio d'Agogna Novara Piemonte 962
0%
Varallo Pombia Novara Piemonte 4847
0%
Varano Borghi Varese Lombardia 2446
0%
Varapodio Reggio Calabria Calabria 2018
0%
Varco Sabino Rieti Lazio 177
0%
Varisella Torino Piemonte 845
0%
Varmo Udine Friuli-Venezia Giulia 2663
0%
Varsi Parma Emilia-Romagna 1157
0%
Varzo Verbano-Cusio-Ossola Piemonte 1946
0%
Vasanello Viterbo Lazio 3953
0%
Vasia Imperia Liguria 386
0%
Vauda Canavese Torino Piemonte 1443
0%
Vazzano Vibo Valentia Calabria 982
0%
Vecchiano Pisa Toscana 11933
0%
Vedeseta Bergamo Lombardia 188
0%
Veglio Biella Piemonte 483
0%
Vejano Viterbo Lazio 2157
0%
Veleso Como Lombardia 201
0%
Velezzo Lomellina Pavia Lombardia 96
0%
Vellezzo Bellini Pavia Lombardia 3315
0%
Velturno Bolzano Trentino-Alto Adige 3025
0%
Venasca Cuneo Piemonte 1352
0%
Vendone Savona Liguria 364
0%
Venetico Messina Sicilia 3896
0%
Veniano Como Lombardia 3070
0%
Ventasso Reggio Emilia Emilia-Romagna 3992
0%
Venzone Udine Friuli-Venezia Giulia 1976
0%
Verbicaro Cosenza Calabria 2642
0%
Vercana Como Lombardia 750
0%
Verceia Sondrio Lombardia 1061
0%
Verdello Bergamo Lombardia 8182
0%
Vernio Prato Toscana 6038
0%
Verolengo Torino Piemonte 4766
0%
Verrayes Aosta Valle d'Aosta 1267
0%
Verretto Pavia Lombardia 372
0%
Verrua Po Pavia Lombardia 1214
0%
Verrua Savoia Torino Piemonte 1340
0%
Vertemate con Minoprio Como Lombardia 4145
0%
Vervio Sondrio Lombardia 209
0%
Verzegnis Udine Friuli-Venezia Giulia 845
0%
Verzino Crotone Calabria 1641
0%
Verzuolo Cuneo Piemonte 6463
0%
Vescovana Padova Veneto 1759
0%
Vesime Asti Piemonte 604
0%
Vespolate Novara Piemonte 2006
0%
Vessalico Imperia Liguria 254
0%
Vestignè Torino Piemonte 765
0%
Vezzano Ligure Spezia Liguria 7237
0%
Vezzano sul Crostolo Reggio Emilia Emilia-Romagna 4323
0%
Vezzi Portio Savona Liguria 807
0%
Vialfrè Torino Piemonte 242
0%
Viano Reggio Emilia Emilia-Romagna 3309
0%
Viarigi Asti Piemonte 857
0%
Vicoli Pescara Abruzzo 381
0%
Viddalba Sassari Sardegna 1623
0%
Vidigulfo Pavia Lombardia 6542
0%
Vidracco Torino Piemonte 495
0%
Vigano San Martino Bergamo Lombardia 1303
0%
Vigarano Mainarda Ferrara Emilia-Romagna 7590
0%
Vigliano Biellese Biella Piemonte 7618
0%
Vigliano d'Asti Asti Piemonte 808
0%
Vignale Monferrato Alessandria Piemonte 945
0%
Vigolzone Piacenza Emilia-Romagna 4193
0%
Viguzzolo Alessandria Piemonte 3064
0%
Villa Basilica Lucca Toscana 1494
0%
Villa Biscossi Pavia Lombardia 63
0%
Villa Celiera Pescara Abruzzo 571
0%
Villa Collemandina Lucca Toscana 1241
0%
Villadeati Alessandria Piemonte 480
0%
Villa di Chiavenna Sondrio Lombardia 968
0%
Villa d'Ogna Bergamo Lombardia 1758
0%
Villadossola Verbano-Cusio-Ossola Piemonte 6276
0%
Villafalletto Cuneo Piemonte 2878
0%
Villa Faraldi Imperia Liguria 447
0%
Villagrande Strisaili Ogliastra Sardegna 2997
0%
Villa Guardia Como Lombardia 7933
0%
Villalago L'Aquila Abruzzo 509
0%
Villa Latina Frosinone Lazio 1146
0%
Villalvernia Alessandria Piemonte 884
0%
Villamagna Chieti Abruzzo 2180
0%
Villamassargia Sulcis Iglesiente Sardegna 3427
0%
Villa Minozzo Reggio Emilia Emilia-Romagna 3540
0%
Villamiroglio Alessandria Piemonte 295
0%
Villanova Biellese Biella Piemonte 191
0%
Villanova Canavese Torino Piemonte 1194
0%
Villanova d'Ardenghi Pavia Lombardia 772
0%
Villanova del Sillaro Lodi Lombardia 1867
0%
Villanova di Camposampiero Padova Veneto 6163
0%
Villanovaforru Medio Campidano Sardegna 634
0%
Villanovafranca Medio Campidano Sardegna 1201
0%
Villanova Marchesana Rovigo Veneto 865
0%
Villanova Monteleone Sassari Sardegna 2177
0%
Villanova Solaro Cuneo Piemonte 749
0%
Villanova sull'Arda Piacenza Emilia-Romagna 1681
0%
Villanova Truschedu Oristano Sardegna 302
0%
Villanova Tulo Cagliari Sardegna 1017
0%
Villanterio Pavia Lombardia 3271
0%
Villaperuccio Sulcis Iglesiente Sardegna 1015
0%
Villaputzu Cagliari Sardegna 4497
0%
Villarboit Vercelli Piemonte 398
0%
Villareggia Torino Piemonte 996
0%
Villar Focchiardo Torino Piemonte 1948
0%
Villaromagnano Alessandria Piemonte 663
0%
Villar San Costanzo Cuneo Piemonte 1543
0%
Villasalto Cagliari Sardegna 999
0%
Villa San Pietro Cagliari Sardegna 2148
0%
Villa San Secondo Asti Piemonte 370
0%
Villa Santa Lucia degli Abruzzi L'Aquila Abruzzo 92
0%
Villa Sant'Antonio Oristano Sardegna 334
0%
Villa Santina Udine Friuli-Venezia Giulia 2166
0%
Villa Santo Stefano Frosinone Lazio 1649
0%
Villasor Cagliari Sardegna 6636
0%
Villaspeciosa Cagliari Sardegna 2549
0%
Villastellone Torino Piemonte 4504
0%
Villata Vercelli Piemonte 1517
0%
Villaurbana Oristano Sardegna 1518
0%
Villavallelonga L'Aquila Abruzzo 854
0%
Villa Verde Oristano Sardegna 289
0%
Villeneuve Aosta Valle d'Aosta 1247
0%
Villesse Gorizia Friuli-Venezia Giulia 1670
0%
Villimpenta Mantova Lombardia 2103
0%
Vilminore di Scalve Bergamo Lombardia 1433
0%
Vinadio Cuneo Piemonte 597
0%
Vinchiaturo Campobasso Molise 3260
0%
Virle Piemonte Torino Piemonte 1151
0%
Vische Torino Piemonte 1189
0%
Visco Udine Friuli-Venezia Giulia 816
0%
Vistarino Pavia Lombardia 1523
0%
Vistrorio Torino Piemonte 518
0%
Vito d'Asio Pordenone Friuli-Venezia Giulia 717
0%
Vittorito L'Aquila Abruzzo 836
0%
Vivaro Romano Roma Lazio 165
0%
Viverone Biella Piemonte 1374
0%
Vizzola Ticino Varese Lombardia 574
0%
Vocca Vercelli Piemonte 158
0%
Vodo di Cadore Belluno Veneto 821
0%
Vogogna Verbano-Cusio-Ossola Piemonte 1720
0%
Volpeglino Alessandria Piemonte 134
0%
Voltido Cremona Lombardia 338
0%
Volvera Torino Piemonte 8495
0%
Vottignasco Cuneo Piemonte 490
0%
Nessun quiz corrispondente trovato
Distribuzione punteggi
Percentuale di utenti per punteggio
Percentile per numero di risposta
I tuoi punteggi nel tempo
Non hai fatto questo quiz